Next, the coming era in science /

Bibliographic Details
Other Authors: Noble, Holcomb B.
Format: Book
Language:English
Published: Boston : Little, Brown, [1988]
Edition:1st ed.
Subjects:

MARC

Tag First Indicator Second Indicator Subfields
LEADER 00000cam a22000008a 4500
001 in00000008432
005 20151003060013.0
008 870813s1988 mau 00000 eng
010 |a  87022835  
020 |a 0316611301 :  |c $17.95 
020 |a 0316611336 (pbk.) :  |c $9.95 
035 |a (OCoLC)16579529 
035 |9 AAA0821AM 
040 |a DLC  |c DLC  |d TXA  |d UtOrBLW 
050 0 0 |a Q172  |b .N46 1987 
050 4 |a Q172  |b .N46 1988 
082 0 |a 500  |2 19 
245 0 0 |a Next, the coming era in science /  |c Holcomb B. Noble, general editor. 
250 |a 1st ed. 
263 |a 8709 
264 1 |a Boston :  |b Little, Brown,  |c [1988] 
264 4 |c ©1988 
300 |a xii, 190 pages 
336 |a text  |b txt  |2 rdacontent 
337 |a unmediated  |b n  |2 rdamedia 
338 |a volume  |b nc  |2 rdacarrier 
650 0 |a Science. 
650 0 |a Technology. 
700 1 |a Noble, Holcomb B. 
740 0 |a Coming era in science. 
999 |a MARS 
999 f f |s 4cc9835e-8aec-366c-a376-dea9182f879f  |i 1edf7df6-d7ee-30cb-a7a9-6aa16606b44e  |t 0 
952 f f |p ric  |a Texas A&M University  |b Rellis Campus  |c Joint Library Facility  |d Remote Storage  |t 0  |e Q172 .N46 1988  |h Library of Congress classification  |i unmediated -- volume  |m A14812614870 
998 f f |a Q172 .N46 1988  |t 0  |l Remote Storage